[Event "Hamilton Winter op"]
[Site "Hamilton CAN"]
[Date "2011.03.26"]
[Round "2"]
[White "Ferreira, Alex"]
[Black "Plotkin, Victor"]
[Result "1/2-1/2"]
[WhiteElo "2081"]
[BlackElo "2409"]
[PlyCount "62"]
[GameId "2160767909779072"]
[EventDate "2011.03.26"]
[EventType "swiss"]
[EventRounds "6"]
[EventCountry "CAN"]
[SourceTitle "hb 2012"]

1. e4 d6 2. Nf3 Nf6 3. Nc3 e5 4. d4 exd4 5. Nxd4 Be7 6. Bc4 O-O 7. O-O Nc6 8. Nxc6 bxc6 9. f4 Nxe4 10. Nxe4 d5 11. Bd3 dxe4 12. Bxe4 Bc5+ 13. Kh1 Qxd1 14. Rxd1 Bg4 15. Re1 Rfe8 16. Bd2 Bf2 17. Rf1 Rxe4 18. Rxf2 Rae8 19. h3 Bf5 20. g4 Re2 21. Rxe2 Rxe2 22. Re1 Rxe1+ 23. Bxe1 Bxc2 24. Ba5 f6 25. Kg2 Kf7 26. f5 Ke7 27. Bxc7 Kd7 28. Bb8 a6 29. Kf3 c5 30. Bg3 Kc6 31. Kf4 g6 1/2-1/2

[Event "Hamilton Winter op"]
[Site "Hamilton CAN"]
[Date "2011.03.26"]
[Round "2"]
[White "Guo, Joshua"]
[Black "Singh, Raymond"]
[Result "1/2-1/2"]
[WhiteElo "2257"]
[BlackElo "1956"]
[PlyCount "103"]
[GameId "2160767909779073"]
[EventDate "2011.03.26"]
[EventType "swiss"]
[EventRounds "6"]
[EventCountry "CAN"]
[SourceTitle "hb 2012"]

1. e4 e5 2. Nf3 Nc6 3. Bb5 a6 4. Bxc6 dxc6 5. O-O Bd6 6. d4 f6 7. dxe5 fxe5 8. Nxe5 Nf6 9. Nc4 Be7 10. Qxd8+ Bxd8 11. f3 Be7 12. Bf4 Be6 13. Na5 O-O-O 14. Nb3 Bc4 15. Re1 Nh5 16. Be3 b6 17. N1d2 Bf7 18. Nf1 c5 19. Rad1 g5 20. Ng3 Nxg3 21. hxg3 h5 22. Rxd8+ Rxd8 23. f4 g4 24. Nd2 h4 25. gxh4 Bxh4 26. Rf1 Bg3 27. b3 Be8 28. f5 Bb5 29. Nc4 Bxc4 30. bxc4 Be5 31. f6 g3 32. f7 Bg7 33. e5 Bf8 34. Bf4 Rd4 35. Bxg3 Kd7 36. e6+ Kxe6 37. Bxc7 Rxc4 38. Bxb6 Rxc2 39. a4 Rc4 40. a5 Ra4 41. Rf3 Rg4 42. Kf2 Rg7 43. Kf1 Rxf7 44. Rxf7 Kxf7 45. Ke2 Ke6 46. Kd3 Kd5 47. g4 Bg7 48. Bd8 c4+ 49. Ke3 Bd4+ 50. Kd2 Ke4 51. g5 Kf5 52. Kc2 1/2-1/2

[Event "Hamilton Winter op"]
[Site "Hamilton CAN"]
[Date "2011.03.26"]
[Round "2"]
[White "Hendon, Lee"]
[Black "Khayutin, Constantine"]
[Result "0-1"]
[WhiteElo "1704"]
[BlackElo "1964"]
[PlyCount "50"]
[GameId "2160767909779074"]
[EventDate "2011.03.26"]
[EventType "swiss"]
[EventRounds "6"]
[EventCountry "CAN"]
[SourceTitle "hb 2012"]

1. e4 e6 2. d3 d5 3. Nc3 Bb4 4. Bd2 c5 5. a3 Ba5 6. exd5 exd5 7. Qe2+ Ne7 8. g3 Nbc6 9. Bg2 Nd4 10. Qd1 O-O 11. Nce2 Nec6 12. c3 Nxe2 13. Nxe2 Bf5 14. b4 Bc7 15. Bf4 Bxf4 16. Nxf4 Re8+ 17. Ne2 Ne5 18. O-O Nxd3 19. Qd2 Be4 20. Nf4 Qg5 21. f3 Bg6 22. Rad1 Nxf4 23. gxf4 Qf6 24. Qxd5 Qxc3 25. Rd3 Bxd3 0-1

[Event "Hamilton Winter op"]
[Site "Hamilton CAN"]
[Date "2011.03.26"]
[Round "2"]
[White "Sapozhnikov, Roman"]
[Black "Austria, Federico"]
[Result "1-0"]
[WhiteElo "2462"]
[BlackElo "2115"]
[PlyCount "143"]
[GameId "2160767909779078"]
[EventDate "2011.03.26"]
[EventType "swiss"]
[EventRounds "6"]
[EventCountry "CAN"]
[SourceTitle "hb 2012"]

1. e4 d5 2. exd5 Nf6 3. d4 Nxd5 4. Nf3 Bg4 5. Be2 e6 6. O-O Bd6 7. c4 Nf4 8. Bxf4 Bxf4 9. h3 Bh5 10. d5 O-O 11. Nc3 Na6 12. dxe6 fxe6 13. Nd4 Bf7 14. Ne4 Qe7 15. Qb3 Rab8 16. Rad1 Bg6 17. Bf3 e5 18. Ne2 Bh6 19. N2c3 Qh4 20. Bg4 Rf4 21. g3 Rxg4 22. hxg4 Qxg4 23. c5+ Bf7 24. Qb5 Qh3 25. Qd7 Be6 26. Qe7 Bg4 27. Rd8+ Rxd8 28. Qxd8+ Kf7 29. Qh4 Qxh4 30. gxh4 Bf3 31. Re1 Ke6 32. a3 c6 33. b4 Nc7 34. Ng5+ Bxg5 35. hxg5 Kf5 36. Nd1 e4 37. Ne3+ Kxg5 38. Nc4 Nb5 39. a4 Nc3 40. Nd6 Kf4 41. Nxb7 g5 42. Nd6 g4 43. b5 cxb5 44. c6 Nxa4 45. c7 Nb6 46. c8=Q Nxc8 47. Nxc8 a5 48. Ra1 a4 49. Na7 Be2 50. Nc6 h5 51. Ra3 Bd3 52. Nb4 Bc4 53. Nc2 Bb3 54. Nd4 Bd1 55. Nxb5 h4 56. Nc3 Bf3 57. Nd5+ Ke5 58. Ne3 g3 59. fxg3 hxg3 60. Rxa4 Kf4 61. Ra3 Be2 62. Ng2+ Kg4 63. Ne1 Bf3 64. Ra7 Kf4 65. Rg7 Bg4 66. Kg2 Bf3+ 67. Kh3 g2 68. Nxg2+ Bxg2+ 69. Kxg2 Ke3 70. Ra7 Ke2 71. Ra2+ Ke1 72. Kg3 1-0

[Event "Hamilton Winter op"]
[Site "Hamilton CAN"]
[Date "2011.03.26"]
[Round "2"]
[White "Semianiuk, Konstantin"]
[Black "So, Wesley"]
[Result "0-1"]
[WhiteElo "2205"]
[BlackElo "2667"]
[PlyCount "106"]
[GameId "2160767909779079"]
[EventDate "2011.03.26"]
[EventType "swiss"]
[EventRounds "6"]
[EventCountry "CAN"]
[SourceTitle "hb 2012"]

1. e4 c5 2. Nf3 d6 3. Bb5+ Nd7 4. d4 cxd4 5. Qxd4 a6 6. Bxd7+ Bxd7 7. c4 Nf6 8. Nc3 Rc8 9. b3 e5 10. Qd3 b5 11. Nd2 Qc7 12. O-O Be7 13. Bb2 O-O 14. Rac1 Qa7 15. h3 Bc6 16. Nd5 Bxd5 17. cxd5 Nd7 18. Rxc8 Rxc8 19. Rc1 Rxc1+ 20. Bxc1 Qc7 21. Bb2 Bg5 22. Nf3 Bc1 23. Bxc1 Qxc1+ 24. Kh2 Nc5 25. Qd2 Qxd2 26. Nxd2 Kf8 27. Kg3 Nd3 28. a3 Ke7 29. f3 Kd7 30. b4 Kc7 31. Nb3 Kb6 32. Na1 g6 33. Nc2 Kc7 34. Kh2 f5 35. Kg1 f4 36. Kf1 Kd7 37. Ke2 Nb2 38. Na1 Ke7 39. Kf2 Kf6 40. Kg1 Nc4 41. Nc2 Kg5 42. Kf2 Kh4 43. Ne1 Nxa3 44. Nd3 Nc4 45. Nc1 Nb2 46. Kf1 Kg3 47. Kg1 Nc4 48. Ne2+ Kh4 49. Nc3 Nb2 50. Kf1 Nd3 51. Na2 Kg3 52. Kg1 Nb2 53. Kf1 Nd1 0-1

[Event "Hamilton Winter op"]
[Site "Hamilton CAN"]
[Date "2011.03.26"]
[Round "2"]
[White "Upper, John"]
[Black "Wight, Keith"]
[Result "1-0"]
[WhiteElo "2206"]
[BlackElo "2015"]
[PlyCount "69"]
[GameId "2160767909779080"]
[EventDate "2011.03.26"]
[EventType "swiss"]
[EventRounds "6"]
[EventCountry "CAN"]
[SourceTitle "hb 2012"]

1. c4 e5 2. Nc3 Nc6 3. g3 f5 4. Bg2 Nf6 5. d3 Be7 6. Nf3 O-O 7. O-O d6 8. Rb1 a5 9. a3 Qe8 10. b4 axb4 11. axb4 Bd8 12. b5 Ne7 13. Qb3 Kh8 14. Ba3 f4 15. c5 Nf5 16. b6 Qh5 17. bxc7 Bxc7 18. Nb5 Bb8 19. cxd6 Bd7 20. Nc7 Rxa3 21. Qxa3 Ng4 22. h3 Nxg3 23. fxg3 Ne3 24. g4 Bxg4 25. hxg4 Qxg4 26. Rf2 Rd8 27. Nxe5 Qh5 28. Nc4 Ng4 29. Bf3 Qh4 30. Bxg4 Qxg4+ 31. Rg2 Qh4 32. Ne5 Qf6 33. Qc5 b6 34. Qd5 Rf8 35. Ng6+ 1-0

[Event "Hamilton Winter op"]
[Site "Hamilton CAN"]
[Date "2011.03.26"]
[Round "3"]
[White "Gelis, Paul"]
[Black "Gashgarian, Robert"]
[Result "1-0"]
[WhiteElo "2222"]
[BlackElo "1979"]
[PlyCount "113"]
[GameId "2160767909787273"]
[EventDate "2011.03.26"]
[EventType "swiss"]
[EventRounds "6"]
[EventCountry "CAN"]
[SourceTitle "hb 2012"]

1. Nf3 d5 2. c4 Nf6 3. d4 e6 4. Nc3 Be7 5. Bg5 O-O 6. e3 h6 7. Bh4 Nbd7 8. cxd5 exd5 9. Qc2 c6 10. Bd3 Re8 11. O-O Ne4 12. Bxe7 Qxe7 13. Bxe4 dxe4 14. Nd2 f5 15. d5 Ne5 16. Rfd1 Bd7 17. Qb3 Rab8 18. Nc4 Nxc4 19. Qxc4 Qf7 20. Qd4 cxd5 21. Qxa7 Bc6 22. Qc5 f4 23. exf4 Qxf4 24. Nxd5 Qg5 25. Qe3 Qe5 26. Nc3 Re6 27. Rd4 Rbe8 28. Rad1 Kh7 29. a4 Qf5 30. b4 R8e7 31. b5 Be8 32. Ne2 Bg6 33. Ng3 Qf6 34. h3 h5 35. Rd5 Re5 36. Rxe5 Rxe5 37. Nf1 Qe7 38. Qd2 e3 39. Nxe3 Re4 40. Qd7 Qg5 41. Qxb7 Rxa4 42. Qd5 Qf4 43. b6 Rb4 44. Qd6 Qe4 45. Rc1 Rb3 46. Rd1 Qa4 47. Rc1 Qb5 48. Rc6 Rb1+ 49. Kh2 Be4 50. Rc5 Qe2 51. Qf4 Bg6 52. Rc6 Rb2 53. Qg3 Qd3 54. Nc4 Qe4 55. Rxg6 Qxg6 56. Qxg6+ Kxg6 57. Nxb2 1-0

[Event "Hamilton Winter op"]
[Site "Hamilton CAN"]
[Date "2011.03.26"]
[Round "3"]
[White "Khayutin, Constantine"]
[Black "Semianiuk, Konstantin"]
[Result "0-1"]
[WhiteElo "1964"]
[BlackElo "2205"]
[PlyCount "132"]
[GameId "2160767909787274"]
[EventDate "2011.03.26"]
[EventType "swiss"]
[EventRounds "6"]
[EventCountry "CAN"]
[SourceTitle "hb 2012"]

1. Nf3 d5 2. c4 c6 3. d4 Nf6 4. Nc3 a6 5. g3 e6 6. Bg2 b5 7. c5 Nfd7 8. Bf4 f6 9. b4 a5 10. a3 Na6 11. e4 Be7 12. Qe2 Nf8 13. exd5 exd5 14. Nh4 Be6 15. Nf3 Bg4 16. h3 Bxf3 17. Bxf3 Ng6 18. Bh5 axb4 19. Nxb5 cxb5 20. Qxb5+ Kf8 21. Bd2 bxa3 22. O-O Nc7 23. Qd3 Qd7 24. Bg4 Qb5 25. Qe3 a2 26. Be2 Qc6 27. Qb3 Kf7 28. Rxa2 Rhb8 29. Qc2 Ne6 30. Bc3 Ng5 31. h4 Ne4 32. Ba5 Bd8 33. Rfa1 Bxa5 34. Rxa5 Rxa5 35. Rxa5 Ne7 36. Ra6 Qc7 37. Kg2 f5 38. g4 Qf4 39. Bf3 Ng6 40. Bxe4 Qxg4+ 41. Kf1 Qxe4 42. Ra7+ Kg8 43. Qxe4 fxe4 44. c6 Rc8 45. Rd7 Rxc6 46. Rxd5 Nf4 47. Rd8+ Kf7 48. Kg1 Rc2 49. Rd7+ Kf6 50. d5 Nh3+ 51. Kg2 Nxf2 52. d6 Nd3+ 53. Kh3 Ne5 54. Rc7 Rd2 55. Kg3 Kf5 56. Rxg7 Rxd6 57. Rg5+ Kf6 58. Kf4 Ng6+ 59. Kxe4 Re6+ 60. Kd3 h6 61. Ra5 Nxh4 62. Rh5 Nf5 63. Rh2 Kg5 64. Rg2+ Kf4 65. Rh2 Kg4 66. Rg2+ Ng3 0-1

[Event "Hamilton Winter op"]
[Site "Hamilton CAN"]
[Date "2011.03.26"]
[Round "3"]
[White "Singh, Raymond"]
[Black "Upper, John"]
[Result "0-1"]
[WhiteElo "1956"]
[BlackElo "2206"]
[PlyCount "56"]
[GameId "2160767909787278"]
[EventDate "2011.03.26"]
[EventType "swiss"]
[EventRounds "6"]
[EventCountry "CAN"]
[SourceTitle "hb 2012"]

1. e4 e6 2. d4 d5 3. Nc3 Nf6 4. e5 Nfd7 5. f4 c5 6. Nf3 Nc6 7. Be3 a6 8. a4 Qb6 9. Qd2 Be7 10. Be2 O-O 11. O-O Qc7 12. Kh1 b6 13. Rae1 Bb7 14. Bd3 Rac8 15. Na2 cxd4 16. Nxd4 Nc5 17. Nxc6 Qxc6 18. Bxc5 bxc5 19. b3 g6 20. Be2 Rfd8 21. Bg4 c4 22. Re2 Rd7 23. a5 Qb5 24. bxc4 Rxc4 25. Re3 Rxc2 26. Be2 Rxd2 27. Bxb5 axb5 28. Nc3 d4 0-1

[Event "Hamilton Winter op"]
[Site "Hamilton CAN"]
[Date "2011.03.26"]
[Round "3"]
[White "So, Wesley"]
[Black "Sapozhnikov, Roman"]
[Result "0-1"]
[WhiteElo "2667"]
[BlackElo "2462"]
[PlyCount "56"]
[GameId "2160767909787279"]
[EventDate "2011.03.26"]
[EventType "swiss"]
[EventRounds "6"]
[EventCountry "CAN"]
[SourceTitle "hb 2012"]

1. d4 Nf6 2. c4 e6 3. Nf3 Bb4+ 4. Bd2 Qe7 5. g3 Nc6 6. Nc3 O-O 7. Bg2 d6 8. O-O a5 9. a3 Bxc3 10. Bxc3 a4 11. d5 Nb8 12. Nd4 exd5 13. cxd5 Bd7 14. Qc2 Na6 15. Rfe1 Rfe8 16. e4 Nc5 17. Rad1 Rac8 18. h3 h6 19. g4 Rb8 20. f4 Nfxe4 21. Bxe4 Nxe4 22. Rc1 c5 23. dxc6 bxc6 24. Rxe4 Qf8 25. Qxa4 d5 26. Re5 Rxe5 27. fxe5 Qe8 28. Qa7 Qxe5 0-1

[Event "Hamilton Winter op"]
[Site "Hamilton CAN"]
[Date "2011.03.27"]
[Round "4"]
[White "Ferreira, Alex"]
[Black "Gelis, Paul"]
[Result "0-1"]
[WhiteElo "2081"]
[BlackElo "2222"]
[PlyCount "144"]
[GameId "2160767909787281"]
[EventDate "2011.03.26"]
[EventType "swiss"]
[EventRounds "6"]
[EventCountry "CAN"]
[SourceTitle "hb 2012"]

1. d4 Nf6 2. Bg5 e6 3. e4 h6 4. Bxf6 Qxf6 5. e5 Qd8 6. Bd3 c5 7. c3 Nc6 8. Nf3 d5 9. O-O Bd7 10. Nbd2 Qb6 11. Qb3 Qxb3 12. axb3 cxd4 13. cxd4 Bb4 14. Nb1 Na5 15. Nfd2 Ke7 16. Nc3 Rac8 17. Rfc1 g5 18. Kf1 a6 19. Ke2 f5 20. exf6+ Kxf6 21. Kd1 Rhf8 22. f3 Nc6 23. Ne2 Bd6 24. Nf1 Nb4 25. Rxc8 Rxc8 26. Bb1 Bb5 27. Ne3 Nc6 28. Nc2 Bxh2 29. Nc3 Bd3 30. Ne3 Bxb1 31. Rxb1 h5 32. Ne2 Bd6 33. Rc1 Ne7 34. Nc3 Bf4 35. Ke2 Kg6 36. Rd1 Nf5 37. Nxf5 Kxf5 38. Rh1 h4 39. Kd3 Rc7 40. Ne2 Bd6 41. Nc3 b5 42. Ra1 Rc6 43. Re1 Bg3 44. Rh1 g4 45. Rf1 Bc7 46. fxg4+ Kxg4 47. Rf6 Bd8 48. Rg6+ Kf5 49. Rg8 Bg5 50. Ne2 Bc1 51. Rh8 Bxb2 52. Rxh4 a5 53. Rf4+ Kg5 54. Rf8 a4 55. bxa4 bxa4 56. Rb8 a3 57. Ra8 Rc7 58. Ra6 Kf5 59. Ng3+ Kf6 60. Ne2 Rg7 61. Nf4 Rg3+ 62. Kc2 Kf5 63. Nxe6 Rxg2+ 64. Kb3 Rg6 65. Nc7 Rxa6 66. Nxa6 Ke4 67. Kc2 Kxd4 68. Nb4 Kc4 69. Nd3 Bc3 70. Nc1 d4 71. Na2 d3+ 72. Kb1 Bb2 0-1

[Event "Hamilton Winter op"]
[Site "Hamilton CAN"]
[Date "2011.03.27"]
[Round "4"]
[White "Finlay, Ian"]
[Black "Khayutin, Constantine"]
[Result "1-0"]
[WhiteElo "1843"]
[BlackElo "1964"]
[PlyCount "45"]
[GameId "2160767909787282"]
[EventDate "2011.03.26"]
[EventType "swiss"]
[EventRounds "6"]
[EventCountry "CAN"]
[SourceTitle "hb 2012"]

1. e4 c5 2. Nf3 Nc6 3. d4 cxd4 4. Nxd4 Nf6 5. Nc3 e5 6. Nde2 Bb4 7. a3 Ba5 8. b4 Bb6 9. Qd6 Bc7 10. Qd3 O-O 11. Bg5 h6 12. h4 d6 13. Qg3 Be6 14. Bxh6 Nh5 15. Qf3 gxh6 16. Qxh5 Kh7 17. Ng3 Nd4 18. Bd3 Qc8 19. Nf5 Bxf5 20. exf5 f6 21. Qg6+ Kh8 22. Qxh6+ Kg8 23. Bc4+ 1-0

[Event "Hamilton Winter op"]
[Site "Hamilton CAN"]
[Date "2011.03.27"]
[Round "4"]
[White "Friedman, Alexander"]
[Black "Plotkin, Victor"]
[Result "0-1"]
[WhiteElo "2088"]
[BlackElo "2409"]
[PlyCount "82"]
[GameId "2160767909787283"]
[EventDate "2011.03.26"]
[EventType "swiss"]
[EventRounds "6"]
[EventCountry "CAN"]
[SourceTitle "hb 2012"]

1. c4 Nf6 2. Nc3 e6 3. e4 d5 4. e5 d4 5. exf6 dxc3 6. bxc3 Qxf6 7. Nf3 c5 8. d4 h6 9. Be2 Bd6 10. O-O O-O 11. Be3 Rd8 12. Qc2 cxd4 13. cxd4 Nc6 14. Rab1 e5 15. dxe5 Nxe5 16. Nxe5 Qxe5 17. g3 Bf5 18. Bd3 Bxd3 19. Qxd3 Bc5 20. Qb3 Bxe3 21. Qxe3 Qxe3 22. fxe3 Rd7 23. Rfd1 Rad8 24. Rxd7 Rxd7 25. Rb2 b6 26. Kf2 Rc7 27. Rb4 Kf8 28. Ke2 Ke7 29. Kd3 Kd6 30. Kd4 Kc6 31. Rb2 Rd7+ 32. Kc3 Rd1 33. Kc2 Ra1 34. Kd3 a6 35. Rf2 f6 36. Kd4 Kd6 37. Kc3 Ke5 38. Kd3 Rd1+ 39. Kc3 Ke4 40. Rb2 Rd6 41. a4 a5 0-1

[Event "Hamilton Winter op"]
[Site "Hamilton CAN"]
[Date "2011.03.27"]
[Round "4"]
[White "Gashgarian, Robert"]
[Black "Deline, Ralph"]
[Result "1/2-1/2"]
[WhiteElo "1979"]
[BlackElo "1892"]
[PlyCount "166"]
[GameId "2160767909787284"]
[EventDate "2011.03.26"]
[EventType "swiss"]
[EventRounds "6"]
[EventCountry "CAN"]
[SourceTitle "hb 2012"]

1. d4 d5 2. c4 e6 3. Nc3 Nf6 4. Nf3 c6 5. Bg5 Nbd7 6. e3 Qa5 7. Qc2 Ne4 8. Bf4 Bb4 9. Rc1 Ndf6 10. Bd3 Nxc3 11. bxc3 Ba3 12. Rb1 dxc4 13. Bxc4 O-O 14. O-O Nd5 15. Bg3 Be7 16. Rb3 h6 17. e4 Nf6 18. Bd3 b6 19. Ne5 Bb7 20. Nc4 Qa4 21. Bd6 Bxd6 22. Nxd6 Ba6 23. c4 b5 24. Qb2 Qa5 25. cxb5 cxb5 26. Bxb5 Rab8 27. Nc4 Qxb5 28. Rxb5 Bxb5 29. Rc1 Bxc4 30. Qa3 Rfc8 31. f3 a6 32. Qd6 Bb5 33. Rb1 Rd8 34. Qe5 Rbc8 35. Rb2 Rc1+ 36. Kf2 Rdc8 37. Rd2 R1c2 38. Ke1 R8c3 39. Qb8+ Kh7 40. Qb7 Kg6 41. a4 Re3+ 42. Kd1 Rxd2+ 43. Kxd2 Re2+ 44. Kd1 Bd3 45. Qb3 Bc2+ 46. Qxc2 Rxc2 47. Kxc2 Nd7 48. Kb3 Kf6 49. Kb4 Ke7 50. Ka5 Kd8 51. Kxa6 Kc7 52. Kb5 Kb7 53. a5 Nf6 54. a6+ Ka7 55. Kc6 Kxa6 56. d5 g5 57. dxe6 fxe6 58. Kd6 g4 59. Kxe6 gxf3 60. gxf3 Nh5 61. Kf5 Kb6 62. Kg6 Nf4+ 63. Kxh6 Kc6 64. Kg5 Ne6+ 65. Kf6 Kd7 66. h4 Nf4 67. Kf5 Ne6 68. f4 Ke7 69. h5 Kf7 70. h6 Nf8 71. e5 Ke7 72. Ke4 Nh7 73. f5 Kf7 74. Kf4 Nf8 75. Kg4 Nh7 76. Kh4 Nf8 77. Kh5 Nh7 78. Kh4 Nf8 79. Kg4 Nh7 80. Kf4 Nf8 81. Ke4 Nh7 82. Kd5 Ke7 83. e6 Nf6+ 1/2-1/2

[Event "Hamilton Winter op"]
[Site "Hamilton CAN"]
[Date "2011.03.27"]
[Round "4"]
[White "Guo, Joshua"]
[Black "Wiebe, Daniel"]
[Result "1-0"]
[WhiteElo "2257"]
[BlackElo "1977"]
[PlyCount "73"]
[GameId "2160767909787285"]
[EventDate "2011.03.26"]
[EventType "swiss"]
[EventRounds "6"]
[EventCountry "CAN"]
[SourceTitle "hb 2012"]

1. e4 c5 2. c3 Nf6 3. e5 Nd5 4. d4 cxd4 5. Nf3 d6 6. cxd4 Nc6 7. Bc4 e6 8. O-O Be7 9. a3 a6 10. Bd2 O-O 11. Be3 f6 12. exd6 Bxd6 13. Nc3 Nf4 14. Qd2 Qc7 15. Ne4 Nd5 16. Nxd6 Qxd6 17. Rfe1 Nce7 18. Rac1 Bd7 19. Qc2 Rfe8 20. Qe4 Nf5 21. Bd3 g6 22. h4 Ng7 23. Rc5 Bc6 24. Qg4 b6 25. Rcc1 Bb7 26. Rc2 Nh5 27. Bxg6 hxg6 28. Qxg6+ Ng7 29. h5 Nf4 30. Bxf4 Qxf4 31. h6 Re7 32. Rxe6 Rf7 33. Rce2 Raf8 34. Re7 Bxf3 35. Rxf7 Qc1+ 36. Kh2 Qf4+ 37. g3 1-0

[Event "Hamilton Winter op"]
[Site "Hamilton CAN"]
[Date "2011.03.27"]
[Round "4"]
[White "Sapozhnikov, Roman"]
[Black "Whissell, Mavros"]
[Result "1-0"]
[WhiteElo "2462"]
[BlackElo "2175"]
[PlyCount "49"]
[GameId "2160767909787287"]
[EventDate "2011.03.26"]
[EventType "swiss"]
[EventRounds "6"]
[EventCountry "CAN"]
[SourceTitle "hb 2012"]

1. e4 e5 2. Nf3 Nc6 3. d4 exd4 4. Nxd4 Nf6 5. Nxc6 bxc6 6. e5 Qe7 7. Qe2 Nd5 8. c4 Nb6 9. Nc3 a5 10. Qe4 Bb7 11. Bd3 g6 12. O-O Bg7 13. Bd2 O-O 14. Rfe1 Rfe8 15. f4 Qb4 16. Qe2 Qxb2 17. c5 Na4 18. Ne4 Qd4+ 19. Be3 Qd5 20. Bf2 Qe6 21. Qc2 d5 22. Nf6+ Bxf6 23. exf6 Qxf6 24. Qxa4 Rxe1+ 25. Rxe1 1-0

[Event "Hamilton Winter op"]
[Site "Hamilton CAN"]
[Date "2011.03.27"]
[Round "4"]
[White "Semianiuk, Konstantin"]
[Black "Thomson, Matt"]
[Result "1-0"]
[WhiteElo "2205"]
[BlackElo "2051"]
[PlyCount "69"]
[GameId "2160767909787288"]
[EventDate "2011.03.26"]
[EventType "swiss"]
[EventRounds "6"]
[EventCountry "CAN"]
[SourceTitle "hb 2012"]

1. e4 c6 2. d4 d5 3. exd5 cxd5 4. Bd3 Nc6 5. c3 Qc7 6. Ne2 Bg4 7. f3 Bd7 8. Bf4 e5 9. dxe5 Nxe5 10. Bc2 Bd6 11. Bxe5 Bxe5 12. Ba4 O-O-O 13. Bxd7+ Rxd7 14. Qa4 Kb8 15. Na3 Nf6 16. O-O-O Qc5 17. Kb1 Rc8 18. Nb5 Qb6 19. g4 Rc5 20. Nbd4 Rdc7 21. g5 Nd7 22. f4 Bxd4 23. Qxd4 Qa6 24. Qd3 Qa4 25. Qxh7 Ra5 26. Nc1 a6 27. Qh8+ Rc8 28. Qxg7 Qe4+ 29. Ka1 Qc2 30. Qd4 Rc4 31. Qd3 Qf2 32. f5 Nc5 33. Qg3+ Qxg3 34. hxg3 Rg4 35. b4 1-0

[Event "Hamilton Winter op"]
[Site "Hamilton CAN"]
[Date "2011.03.27"]
[Round "4"]
[White "Singh, Raymond"]
[Black "Egorov, Mikhail"]
[Result "1/2-1/2"]
[WhiteElo "1956"]
[BlackElo "2109"]
[PlyCount "75"]
[GameId "2160767909787289"]
[EventDate "2011.03.26"]
[EventType "swiss"]
[EventRounds "6"]
[EventCountry "CAN"]
[SourceTitle "hb 2012"]

1. Nf3 Nf6 2. c4 g6 3. g3 Bg7 4. Bg2 O-O 5. Nc3 d5 6. cxd5 Nxd5 7. O-O Nc6 8. Qb3 Nb6 9. d3 Bg4 10. Be3 a5 11. Bxb6 cxb6 12. Qd5 Qc8 13. a3 Rd8 14. Qe4 Bf5 15. Qe3 b5 16. Nxb5 Bxb2 17. Rab1 Bf6 18. Rfc1 Qd7 19. Qb6 a4 20. Nc7 Rab8 21. Nb5 Be6 22. Nd2 Ba2 23. Ne4 Bxb1 24. Rxb1 Bd4 25. Nxd4 Nxd4 26. Nc5 Qg4 27. e3 Ne2+ 28. Kh1 Nc3 29. Re1 Nd5 30. Qb5 Nc7 31. Qb6 Na8 32. Qb5 Qf5 33. Qb4 Qxf2 34. Ne4 Qa2 35. Qxe7 Qe6 36. Qh4 f5 37. Nf6+ Kg7 38. Nxh7 1/2-1/2

[Event "Hamilton Winter op"]
[Site "Hamilton CAN"]
[Date "2011.03.27"]
[Round "4"]
[White "Wang, Jesse BJ"]
[Black "Posaratnanathan, Juliaan"]
[Result "1-0"]
[WhiteElo "2087"]
[BlackElo "1884"]
[PlyCount "65"]
[GameId "2160767909787291"]
[EventDate "2011.03.26"]
[EventType "swiss"]
[EventRounds "6"]
[EventCountry "CAN"]
[SourceTitle "hb 2012"]

1. e4 c5 2. Nc3 Nc6 3. Nge2 d6 4. d4 cxd4 5. Nxd4 Nf6 6. g3 Nxd4 7. Qxd4 g6 8. Bg2 Bg7 9. O-O O-O 10. Qd3 Rb8 11. Be3 b6 12. f4 Bb7 13. Rad1 Qc7 14. Nb5 Qd7 15. c4 a6 16. Nc3 Bc6 17. b4 b5 18. c5 Ng4 19. Bh3 dxc5 20. Bxc5 Qxd3 21. Rxd3 Nf6 22. e5 Ne4 23. Nxe4 Bxe4 24. Rd4 Bc6 25. Bxe7 Rfe8 26. Bd6 Rb7 27. Rc1 Bd7 28. Bg2 Ra7 29. Bc5 Rc7 30. Rcd1 Bc6 31. Rd8 Rxd8 32. Rxd8+ Bf8 33. Bxf8 1-0

[Event "Hamilton Winter op"]
[Site "Hamilton CAN"]
[Date "2011.03.27"]
[Round "5"]
[White "Crichton, Laurence"]
[Black "Khayutin, Constantine"]
[Result "1-0"]
[WhiteElo "2006"]
[BlackElo "1964"]
[PlyCount "65"]
[GameId "2160767909787292"]
[EventDate "2011.03.26"]
[EventType "swiss"]
[EventRounds "6"]
[EventCountry "CAN"]
[SourceTitle "hb 2012"]

1. d4 Nf6 2. c4 g6 3. Nc3 Bg7 4. e4 d6 5. f3 Nbd7 6. Be3 O-O 7. Qd2 c6 8. Bd3 e5 9. d5 cxd5 10. cxd5 Nc5 11. Bc2 Nfd7 12. g4 Qh4+ 13. Bf2 Qe7 14. Nge2 Nb6 15. b3 f5 16. gxf5 gxf5 17. Ng3 fxe4 18. fxe4 Bg4 19. h3 Bf3 20. Rg1 Rae8 21. Bd1 Kh8 22. Bxf3 Rxf3 23. O-O-O Nd3+ 24. Qxd3 Bh6+ 25. Kb1 Rxd3 26. Rxd3 Bf4 27. Nf5 Qf8 28. Nb5 Nc8 29. Nc7 Re7 30. Ne6 Qf6 31. Bh4 Qf7 32. Nxd6 Qh5 33. Bf6+ 1-0

[Event "Hamilton Winter op"]
[Site "Hamilton CAN"]
[Date "2011.03.27"]
[Round "5"]
[White "Gelis, Paul"]
[Black "Sapozhnikov, Roman"]
[Result "1/2-1/2"]
[WhiteElo "2222"]
[BlackElo "2462"]
[PlyCount "92"]
[GameId "2160767909787293"]
[EventDate "2011.03.26"]
[EventType "swiss"]
[EventRounds "6"]
[EventCountry "CAN"]
[SourceTitle "hb 2012"]

1. e4 c5 2. Nc3 e6 3. g3 d5 4. exd5 exd5 5. d4 cxd4 6. Qxd4 Nf6 7. Bg2 Nc6 8. Qd1 d4 9. Nce2 Bf5 10. Nf3 Bb4+ 11. Bd2 Bxd2+ 12. Qxd2 Ne4 13. Qf4 Qa5+ 14. b4 Qxb4+ 15. Kf1 Bg6 16. h4 h5 17. Ne5 Nxe5 18. Qxe5+ Qe7 19. Qxd4 O-O 20. Nf4 Rfe8 21. Nxg6 fxg6 22. Bf3 Rad8 23. Qc4+ Kh7 24. Kg2 Nd2 25. Qc3 Nxf3 26. Qxf3 Rf8 27. Rhe1 Qc5 28. Qe3 Qxe3 29. Rxe3 Rd2 30. Rf3 Rxf3 31. Kxf3 Rxc2 32. a4 Rb2 33. a5 g5 34. hxg5 Kg6 35. Rd1 Kxg5 36. Rd5+ Kh6 37. Rd6+ g6 38. a6 Kg5 39. Rd5+ Kf6 40. axb7 Rxb7 41. Ra5 g5 42. Ra6+ Kg7 43. Ra5 Kg6 44. Ra6+ Kh7 45. Ra5 Kg6 46. Ke4 Rf7 1/2-1/2

[Event "Hamilton Winter op"]
[Site "Hamilton CAN"]
[Date "2011.03.27"]
[Round "5"]
[White "Itkin, David"]
[Black "Dougherty, Michael"]
[Result "1-0"]
[WhiteElo "2139"]
[BlackElo "2322"]
[PlyCount "65"]
[GameId "2160767909787294"]
[EventDate "2011.03.26"]
[EventType "swiss"]
[EventRounds "6"]
[EventCountry "CAN"]
[SourceTitle "EXT 2022"]
[Source "ChessBase"]
[SourceDate "2021.10.06"]
[SourceVersion "1"]
[SourceVersionDate "2021.10.06"]
[SourceQuality "1"]

1. e4 g6 2. d4 Bg7 3. Nc3 c6 4. Nf3 d6 5. Be3 Nf6 6. Qd2 Qa5 7. Bd3 Bg4 8. O-O-O Nbd7 9. h3 Bxf3 10. gxf3 e5 11. dxe5 dxe5 12. Kb1 O-O 13. Bh6 Rfd8 14. h4 Nh5 15. Rdg1 Nc5 16. Bxg7 Nxd3 17. cxd3 Kxg7 18. Qg5 Nf4 19. h5 f6 20. Qf5 Qc7 21. hxg6 hxg6 22. Ne2 Qf7 23. Nxf4 exf4 24. Qxf4 Rh8 25. Qe3 a5 26. f4 Rxh1 27. Rxh1 Rh8 28. Rg1 Qd7 29. f5 g5 30. f4 Rd8 31. Rg3 Qd4 32. fxg5 Qxe3 33. gxf6+ 1-0